| 000 | 00367 a2200169 4500 | ||
|---|---|---|---|
| 001 | 73725 | ||
| 020 | _a8516045846 | ||
| 040 | _cAnchieta - Colégio São Paulo | ||
| 100 | _aBandeira, Manuel | ||
| 240 | 1 | 0 |
_aPara querer bem _lpor |
| 245 | 1 | 0 | _aPara querer bem |
| 300 | _a80 | ||
| 362 | 0 | _a2005 | |
| 440 | 1 | _aModerna | |
| 650 | 4 | _aLiteratura juvenil | |
| 942 | _cBK | ||
| 999 |
_c73725 _d73725 |
||